[Event "Barcelona La Lira op 32nd"]
[Site "Barcelona"]
[Date "2014.01.16"]
[Round "1"]
[White "Catalan Escale, Enrique"]
[Black "Gonzalez Canovas, Sebastian"]
[Result "1-0"]
[WhiteElo "1998"]
[BlackElo "1635"]
[PlyCount "53"]
[EventDate "2014.01.16"]
[EventType "swiss"]
[EventRounds "9"]
[EventCountry "ESP"]
[SourceTitle "EXT 2015"]
[Source "ChessBase"]
[SourceDate "2014.11.20"]
[SourceVersion "1"]
[SourceVersionDate "2014.11.20"]
[SourceQuality "1"]

1. d4 Nf6 2. Nd2 d6 3. e4 e5 4. c3 Be7 5. h3 b6 6. Ngf3 exd4 7. cxd4 Bb7 8. Bd3 Nbd7 9. 0-0 0-0 10. Re1 h6 11. Nf1 d5 12. e5 Ne4 13. Ne3 Ng5 14. Nf5 Ne4 15. Nd2 Kh7 16. Nxe4 dxe4 17. Bxe4 Bxe4 18. Rxe4 Bg5 19. f4 Be7 20. Qh5 Rg8 21. Qxf7 Bf8 22. Nxh6 Rh8 23. f5 Nxe5 24. dxe5 Qe8 25. Rh4 Be7 26. Rh5 Bc5+ 27. Kh1 1-0

[Event "Barcelona Sant Marti op-B 15th"]
[Site "Barcelona"]
[Date "2013.07.21"]
[Round "9"]
[White "Catalan Escale, Enrique"]
[Black "Tadevosyan, Galust"]
[Result "1/2-1/2"]
[WhiteElo "1988"]
[BlackElo "1732"]
[PlyCount "39"]
[EventDate "2013.07.13"]
[EventType "swiss"]
[EventRounds "9"]
[EventCountry "ESP"]
[SourceTitle "CBM 155 Extra"]
[Source "ChessBase"]
[SourceDate "2013.08.26"]
[SourceVersion "1"]
[SourceVersionDate "2013.08.26"]
[SourceQuality "1"]

1. e4 c5 2. c3 e6 3. d4 d5 4. e5 Nc6 5. Nf3 Nh6 6. a3 c4 7. Bxh6 gxh6 8. Nbd2 Bd7 9. Be2 Na5 10. 0-0 Qb6 11. Qc2 Be7 12. Ne1 Nb3 13. Nxb3 Ba4 14. f4 Bxb3 15. Qd2 0-0-0 16. Rf3 Rdg8 17. Rh3 Rg6 18. Bh5 Rg7 19. Bf3 Rg6 20. Bh5 1/2-1/2

[Event "Barcelona Tupinamba op 8th"]
[Site "Barcelona"]
[Date "2013.05.22"]
[Round "9"]
[White "Catalan Escale, Enrique"]
[Black "Parayre Soguero, Jordi"]
[Result "1/2-1/2"]
[WhiteElo "2044"]
[BlackElo "1938"]
[PlyCount "21"]
[EventDate "2013.03.13"]
[EventType "swiss"]
[EventRounds "9"]
[EventCountry "ESP"]
[SourceTitle "EXT 2014"]
[Source "ChessBase"]
[SourceDate "2013.11.20"]
[SourceVersion "1"]
[SourceVersionDate "2013.11.20"]
[SourceQuality "1"]

1. d4 Nf6 2. c4 e6 3. Nc3 d5 4. Nf3 c6 5. g3 Bd6 6. Bg2 0-0 7. 0-0 Nbd7 8. cxd5 exd5 9. Qc2 Re8 10. Re1 Nf8 11. Bg5 1/2-1/2

[Event "Barcelona Tupinamba op 8th"]
[Site "Barcelona"]
[Date "2013.04.03"]
[Round "3"]
[White "Catalan Escale, Enrique"]
[Black "Ramirez Garcia, Jorge Alberto"]
[Result "0-1"]
[WhiteElo "2044"]
[BlackElo "2279"]
[PlyCount "80"]
[EventDate "2013.03.13"]
[EventType "swiss"]
[EventRounds "9"]
[EventCountry "ESP"]
[SourceTitle "EXT 2014"]
[Source "ChessBase"]
[SourceDate "2013.11.20"]
[SourceVersion "1"]
[SourceVersionDate "2013.11.20"]
[SourceQuality "1"]

1. e4 d5 2. d4 dxe4 3. Nc3 Nf6 4. f3 exf3 5. Nxf3 Bg4 6. h3 Bxf3 7. Qxf3 c6 8. Be3 e6 9. Bc4 Nbd7 10. 0-0-0 Nb6 11. Be2 Bb4 12. Bg5 Bxc3 13. Qxc3 Ne4 14. Bxd8 Nxc3 15. bxc3 Rxd8 16. Rhf1 0-0 17. g4 Rd7 18. g5 Rfd8 19. Rf3 Nc8 20. Rdf1 Nd6 21. Bd3 b6 22. h4 c5 23. h5 c4 24. Be2 g6 25. hxg6 hxg6 26. Rf4 Kg7 27. Rh1 Rh8 28. Rxh8 Kxh8 29. a4 Kg7 30. Bf3 Nf5 31. Be2 Rc7 32. Rf3 Rc8 33. Kb2 Nd6 34. Rf4 Rh8 35. d5 e5 36. Rf6 Rd8 37. Bf1 Ne4 38. Rc6 Nd2 39. Bxc4 e4 40. d6 Rxd6 0-1

[Event "Barcelona Ateneu Colon op 5th"]
[Site "Barcelona"]
[Date "2010.06.08"]
[Round "9"]
[White "Vallbona Domingo, Joan"]
[Black "Catalan Escale, Enrique"]
[Result "1-0"]
[WhiteElo "1983"]
[BlackElo "2087"]
[PlyCount "86"]
[EventDate "2010.04.13"]
[EventType "swiss"]
[EventRounds "9"]
[EventCountry "ESP"]
[SourceTitle "EXT 2011"]
[Source "ChessBase"]
[SourceDate "2010.11.26"]
[SourceVersion "1"]
[SourceVersionDate "2010.11.26"]
[SourceQuality "1"]

1. d4 d5 2. c4 c6 3. Nc3 Nf6 4. Nf3 dxc4 5. a4 Bf5 6. e3 e6 7. Bxc4 Bb4 8. 0-0 Nbd7 9. Qb3 a5 10. Na2 Be7 11. Nh4 Bg4 12. f3 Bh5 13. g4 Bg6 14. Ng2 Qb6 15. Nc3 Qxb3 16. Bxb3 h6 17. e4 0-0 18. Nf4 Bh7 19. Nxe6 fxe6 20. Bxe6+ Kh8 21. e5 Nxe5 22. dxe5 Bc5+ 23. Kg2 Rae8 24. exf6 Rxe6 25. fxg7+ Kxg7 26. f4 Bc2 27. f5 Rd6 28. Bf4 Rd3 29. Rae1 Bb4 30. Re6 h5 31. Bh6+ Kf7 32. Bxf8 Kxf8 33. h3 Bb3 34. Rh6 hxg4 35. hxg4 Bxc3 36. bxc3 Rxc3 37. Rf4 b5 38. axb5 cxb5 39. Rd4 Rc7 40. Rd8+ Ke7 41. Rb8 Bd5+ 42. Kg3 Rc1 43. Rbb6 Rc7 1-0

[Event "Barcelona Ateneu Colon op 5th"]
[Site "Barcelona"]
[Date "2010.05.04"]
[Round "4"]
[White "Catalan Escale, Enrique"]
[Black "Romero Perera, Eugeni"]
[Result "1/2-1/2"]
[WhiteElo "2087"]
[BlackElo "2157"]
[PlyCount "33"]
[EventDate "2010.04.13"]
[EventType "swiss"]
[EventRounds "9"]
[EventCountry "ESP"]
[SourceTitle "EXT 2011"]
[Source "ChessBase"]
[SourceDate "2010.11.26"]
[SourceVersion "1"]
[SourceVersionDate "2010.11.26"]
[SourceQuality "1"]

1. d4 f5 2. g4 d6 3. Nc3 Nf6 4. g5 Ne4 5. Nxe4 fxe4 6. Bg2 Bf5 7. f3 exf3 8. Nxf3 c6 9. Nh4 g6 10. Nxf5 Qa5+ 11. c3 Qxf5 12. e4 Qe6 13. 0-0 Bg7 14. Qd3 Nd7 15. Bh3 Qg8 16. d5 Ne5 17. Qe2 1/2-1/2

[Event "Catalunya-chT Primera Gp1"]
[Site "Catalunya"]
[Date "2007.02.10"]
[Round "3"]
[White "Catalan Escale, Enrique"]
[Black "Garcia Mosquera, David"]
[Result "1/2-1/2"]
[WhiteElo "2103"]
[BlackElo "2093"]
[PlyCount "43"]
[EventDate "2007.01.28"]
[EventType "team-tourn"]
[EventRounds "9"]
[EventCountry "ESP"]
[SourceTitle "EXT 2019"]
[Source "ChessBase"]
[SourceDate "2018.10.10"]
[SourceVersion "1"]
[SourceVersionDate "2018.10.10"]
[SourceQuality "1"]

1. e4 e5 2. Nf3 d6 3. d4 f5 4. exf5 e4 5. Nfd2 d5 6. Qh5+ Ke7 7. b3 Qd7 8. Ba3+ Kd8 9. Bxf8 Nf6 10. Qh4 Rxf8 11. g4 h6 12. Be2 Nc6 13. c3 Ne7 14. Nf1 h5 15. h3 g6 16. fxg6 Nxg6 17. Qg5 Qf7 18. gxh5 Ne7 19. Ne3 Rg8 20. Qf4 Be6 21. Qh4 Kd7 22. Na3 1/2-1/2

[Event "Vila de Poblenou op"]
[Site "Barcelona"]
[Date "2001.08.22"]
[Round "7.12"]
[White "Catalan Escale, Enrique"]
[Black "Granados Gomez, Manuel"]
[Result "0-1"]
[WhiteElo "2115"]
[BlackElo "2428"]
[PlyCount "90"]
[EventDate "2001.08.16"]
[EventType "swiss"]
[EventRounds "9"]
[EventCountry "ESP"]
[SourceTitle "EXT 2002"]
[Source "ChessBase"]
[SourceDate "2001.11.25"]
[SourceVersion "1"]
[SourceVersionDate "2001.11.25"]
[SourceQuality "1"]

1. e4 e5 2. Nf3 Nc6 3. d4 exd4 4. Bc4 Nf6 5. 0-0 Nxe4 6. Re1 d5 7. Bxd5 Qxd5 8. Nc3 Qa5 9. Nxe4 Be6 10. Bd2 Qf5 11. Bg5 h6 12. Bh4 Bc5 13. Qd3 0-0 14. a3 Bb6 15. b4 a6 16. Rad1 Rae8 17. Rd2 Qb5 18. c3 Qxd3 19. Rxd3 f5 20. Ng3 g5 21. Nxg5 hxg5 22. Bxg5 Bf7 23. Rc1 Bg6 24. Rdd1 dxc3 25. Rxc3 Nd4 26. Kf1 Ne6 27. Bf6 Kf7 28. Bh4 Nd4 29. Bg5 a5 30. b5 Re6 31. a4 c5 32. bxc6 bxc6 33. h4 Bh7 34. Nh5 Rfe8 35. Nf4 Rd6 36. Rb1 Ne6 37. Rxb6 Nxf4 38. Rb7+ Kg8 39. Rc1 Nd3 40. Rd1 Rde6 41. g3 f4 42. Bxf4 Re1+ 43. Rxe1 Rxe1+ 44. Kg2 Be4+ 45. f3 Re2+ 0-1

[Event "Barcelona Sants op 03rd"]
[Site "Barcelona"]
[Date "2001.??.??"]
[Round "?"]
[White "Catalan Escale, Enrique"]
[Black "Planas Torrea, Francisco Javier"]
[Result "1/2-1/2"]
[WhiteElo "2114"]
[BlackElo "2143"]
[PlyCount "65"]
[EventDate "2001.08.??"]
[EventType "swiss"]
[EventRounds "9"]
[EventCountry "ESP"]
[SourceTitle "EXT 2005"]
[Source "ChessBase"]
[SourceDate "2004.11.15"]
[SourceVersion "1"]
[SourceVersionDate "2004.11.15"]
[SourceQuality "1"]

1. e4 e6 2. d4 d5 3. e5 c5 4. c3 Nc6 5. Nf3 Qb6 6. a3 cxd4 7. cxd4 Nge7 8. b4 Nf5 9. Bb2 Be7 10. Be2 a6 11. 0-0 Bd7 12. Qd2 0-0 13. Rd1 Rac8 14. Nc3 Qd8 15. Rac1 Nh4 16. Nxh4 Bxh4 17. f4 b5 18. Qe3 Be7 19. Bd3 Re8 20. Qh3 g6 21. Ne2 a5 22. f5 exf5 23. Nf4 axb4 24. Nxd5 bxa3 25. Bxa3 b4 26. Bb2 Be6 27. Nxe7+ Qxe7 28. Ba6 f4 29. Qf3 Nxe5 30. dxe5 Qa7+ 31. Kh1 Qxa6 32. Qxf4 Rxc1 33. Rxc1 1/2-1/2

[Event "Sitges op 26th"]
[Site "Sitges"]
[Date "2000.07.22"]
[Round "2"]
[White "Catalan Escale, Enrique"]
[Black "Vehi Bach, Victor Manuel"]
[Result "0-1"]
[WhiteElo "2130"]
[BlackElo "2454"]
[PlyCount "62"]
[EventDate "2000.07.??"]
[EventType "swiss"]
[EventRounds "7"]
[EventCountry "ESP"]
[SourceTitle "EXT 2001"]
[Source "ChessBase"]
[SourceDate "2000.11.22"]
[SourceVersion "1"]
[SourceVersionDate "2000.11.22"]
[SourceQuality "1"]

1. e4 c5 2. c3 Nf6 3. e5 Nd5 4. d4 cxd4 5. Nf3 e6 6. cxd4 d6 7. a3 Bd7 8. Bd3 Bc6 9. Qe2 Nd7 10. b4 a6 11. Bd2 Qc7 12. 0-0 dxe5 13. dxe5 g6 14. Re1 Bg7 15. Ra2 0-0 16. Rc2 Rac8 17. h4 Qb6 18. h5 Bb5 19. Nc3 Nxc3 20. Bxc3 Rfd8 21. Bxb5 axb5 22. hxg6 hxg6 23. Bd4 Qa6 24. Rec1 Rxc2 25. Rxc2 Nb8 26. Rc5 Qxa3 27. Qxb5 Nc6 28. Bc3 Bf8 29. Rc4 Qb3 30. Be1 Rd5 31. Nd2 Qd1 0-1

[Event "Barbera del Valles op"]
[Site "Barbera del Valles"]
[Date "1999.??.??"]
[Round "9"]
[White "Catalan Escale, Enrique"]
[Black "Castaner Harster, Xavier"]
[Result "0-1"]
[WhiteElo "2132"]
[BlackElo "2241"]
[PlyCount "48"]
[EventDate "1999.07.??"]
[EventType "swiss"]
[EventRounds "9"]
[EventCountry "ESP"]
[SourceTitle "EXT 2001"]
[Source "ChessBase"]
[SourceDate "2000.11.22"]
[SourceVersion "1"]
[SourceVersionDate "2000.11.22"]
[SourceQuality "1"]

1. e4 c5 2. c3 e6 3. d4 d5 4. e5 Nc6 5. Nf3 Bd7 6. a3 f6 7. exf6 Nxf6 8. Bd3 cxd4 9. cxd4 Bd6 10. 0-0 0-0 11. Bg5 Qe8 12. Re1 Qh5 13. Qd2 Ng4 14. h3 Rxf3 15. gxf3 Qxh3 16. Bf4 Nxd4 17. Bxh7+ Kxh7 18. Qxd4 e5 19. Rxe5 Bxe5 20. Bxe5 Nxe5 21. Qxe5 Re8 22. Qc3 d4 23. Qd3+ Bf5 24. Qf1 Qxf1+ 0-1

[Event "Barcelona Sants op 01st"]
[Site "Barcelona"]
[Date "1999.??.??"]
[Round "3"]
[White "Catalan Escale, Enrique"]
[Black "Jose Abril, Ramon"]
[Result "0-1"]
[WhiteElo "2130"]
[BlackElo "2365"]
[PlyCount "62"]
[EventDate "1999.08.??"]
[EventType "swiss"]
[EventRounds "9"]
[EventCountry "ESP"]
[SourceTitle "EXT 2000"]
[Source "ChessBase"]
[SourceDate "1999.11.16"]
[SourceVersion "1"]
[SourceVersionDate "1999.11.16"]
[SourceQuality "1"]

1. e4 c5 2. c3 d5 3. exd5 Qxd5 4. d4 Nf6 5. Nf3 e6 6. Na3 a6 7. Nc4 Nbd7 8. a4 b6 9. Be2 Bb7 10. 0-0 cxd4 11. cxd4 Rc8 12. b3 Bb4 13. Bf4 0-0 14. Ne1 Ne4 15. Bf3 Qf5 16. Be3 Nc3 17. Qd3 Bxf3 18. Qxf5 Ne2+ 19. Kh1 Bxg2+ 20. Kxg2 exf5 21. Nd3 Be7 22. d5 b5 23. axb5 axb5 24. Nd2 Nf6 25. Rfe1 Nc3 26. Nf3 Nfxd5 27. Nd4 Nxe3+ 28. Rxe3 Bf6 29. Ne5 Rfe8 30. f4 Nd5 31. Rf3 Nxf4+ 0-1

[Event "Castellar op"]
[Site "Castellar"]
[Date "1999.??.??"]
[Round "6"]
[White "Catalan Escale, Enrique"]
[Black "Lazaro Porta, Angel"]
[Result "1/2-1/2"]
[WhiteElo "2131"]
[BlackElo "2077"]
[PlyCount "45"]
[EventDate "1999.11.??"]
[EventType "swiss"]
[EventRounds "9"]
[EventCountry "ESP"]
[SourceTitle "CBM 073 Extra"]
[Source "ChessBase"]
[SourceDate "2000.01.11"]
[SourceVersion "1"]
[SourceVersionDate "2000.01.11"]
[SourceQuality "1"]

1. e4 c5 2. c3 d5 3. exd5 Qxd5 4. d4 Nc6 5. Nf3 Bg4 6. Be2 cxd4 7. cxd4 e6 8. h3 Bh5 9. Nc3 Bb4 10. 0-0 Qa5 11. Bd2 Bxf3 12. Bxf3 Nxd4 13. Bxb7 Rd8 14. a3 Be7 15. Nd5 Qc5 16. Bb4 Qc4 17. Qa4+ Rd7 18. Ne3 Qc7 19. Ba6 Bxb4 20. axb4 Ne7 21. Rfc1 Qd8 22. Rc5 0-0 23. Rac1 1/2-1/2

[Event "Castellar op"]
[Site "Castellar"]
[Date "1999.??.??"]
[Round "4"]
[White "Pinero Fernandez, Xavier"]
[Black "Catalan Escale, Enrique"]
[Result "1/2-1/2"]
[WhiteElo "2162"]
[BlackElo "2131"]
[PlyCount "117"]
[EventDate "1999.11.??"]
[EventType "swiss"]
[EventRounds "9"]
[EventCountry "ESP"]
[SourceTitle "CBM 073 Extra"]
[Source "ChessBase"]
[SourceDate "2000.01.11"]
[SourceVersion "1"]
[SourceVersionDate "2000.01.11"]
[SourceQuality "1"]

1. e4 c5 2. Nf3 d6 3. Bc4 e6 4. d3 a6 5. c3 b5 6. Bb3 a5 7. 0-0 a4 8. Bc2 Nf6 9. d4 Bd7 10. Bg5 Be7 11. Nbd2 cxd4 12. cxd4 Nc6 13. e5 dxe5 14. dxe5 Nd5 15. Ne4 0-0 16. a3 h6 17. Bxe7 Qxe7 18. Qd3 g6 19. Nf6+ Kg7 20. Nxd5 exd5 21. Qxd5 b4 22. Rfe1 b3 23. Be4 Ra5 24. Qd2 Rc5 25. Rad1 Bg4 26. Qd6 Qxd6 27. exd6 Bxf3 28. Bxf3 Ne5 29. Re4 Rd8 30. Be2 f5 31. Rxa4 Rc2 32. f4 Ng4 33. Bc4 Ne3 34. Ra7+ Kh8 35. Bxb3 Rxg2+ 36. Kh1 Rxb2 37. Re1 Rxb3 38. Re7 Ng4 39. d7 Rbb8 40. Re8+ Kg7 41. R1e7+ Kf6 42. Re6+ Kf7 43. R6e7+ Kf6 44. a4 g5 45. a5 gxf4 46. a6 f3 47. a7 Rb1+ 48. Re1 Rb2 49. Rf1 Rxh2+ 50. Kg1 Rg2+ 51. Kh1 Rxd7 52. Rf8+ Kg6 53. Rg8+ Kh5 54. Rxg4 fxg4 55. a8Q Rdd2 56. Qe8+ Kh4 57. Qe5 Kh3 58. Qh5+ Kg3 59. Qe5+ 1/2-1/2

[Event "Mataro op"]
[Site "Mataro"]
[Date "1998.??.??"]
[Round "?"]
[White "Armengol Navarro, Salvador"]
[Black "Catalan Escale, Enrique"]
[Result "1-0"]
[WhiteElo "2095"]
[BlackElo "2170"]
[PlyCount "51"]
[EventDate "1998.??.??"]
[EventType "swiss"]
[EventRounds "9"]
[EventCountry "ESP"]
[SourceTitle "EXT 2003"]
[Source "ChessBase"]
[SourceDate "2002.11.25"]
[SourceVersion "1"]
[SourceVersionDate "2002.11.25"]
[SourceQuality "1"]

1. e4 c5 2. Nc3 e6 3. Nf3 d6 4. d4 cxd4 5. Nxd4 Nf6 6. Be2 Be7 7. 0-0 a6 8. a4 0-0 9. Kh1 Nbd7 10. f4 Qc7 11. Bf3 Nb6 12. g4 e5 13. Nf5 Bxf5 14. exf5 e4 15. Nxe4 Nxe4 16. Bxe4 d5 17. Bg2 Rfd8 18. b3 d4 19. Be4 Nd5 20. Qf3 Nc3 21. Bxb7 Ra7 22. Be4 Nxe4 23. Qxe4 Qc3 24. Ba3 Bxa3 25. Rxa3 Rc7 26. Ra2 1-0

[Event "Ametlla op"]
[Site "Ametlla"]
[Date "1998.??.??"]
[Round "?"]
[White "Bosque Ortega, Xavier"]
[Black "Catalan Escale, Enrique"]
[Result "1-0"]
[WhiteElo "2285"]
[BlackElo "2170"]
[PlyCount "113"]
[EventDate "1998.??.??"]
[EventType "swiss"]
[EventRounds "9"]
[EventCountry "ESP"]
[SourceTitle "EXT 2002"]
[Source "ChessBase"]
[SourceDate "2001.11.25"]
[SourceVersion "1"]
[SourceVersionDate "2001.11.25"]
[SourceQuality "1"]

1. d4 d5 2. Bf4 Nf6 3. e3 c6 4. c3 g6 5. Nf3 Bg7 6. h3 0-0 7. Nbd2 Nfd7 8. e4 e5 9. dxe5 Re8 10. Be2 Nxe5 11. 0-0 Nbd7 12. exd5 cxd5 13. Bb5 a6 14. Bxe5 Bxe5 15. Nxe5 axb5 16. Nxd7 Bxd7 17. Nf3 Bc6 18. Nd4 Qd7 19. a3 Re4 20. Qd2 Rae8 21. Rfe1 Qe7 22. Kf1 Qc7 23. f3 Rxe1+ 24. Rxe1 Rxe1+ 25. Qxe1 Qd6 26. Kf2 Bd7 27. h4 Qf6 28. g3 Qd6 29. Qe3 Kg7 30. h5 h6 31. hxg6 fxg6 32. f4 Kf6 33. Nf3 Bf5 34. Qe5+ Qxe5 35. Nxe5 h5 36. Nf3 Be4 37. Nd4 Bd3 38. Kf3 g5 39. fxg5+ Kxg5 40. Ne6+ Kf5 41. Nd4+ Kg5 42. Ke3 Bc4 43. b3 Bf1 44. Ne6+ Kg4 45. Nf4 b4 46. cxb4 Bb5 47. Kd4 Be8 48. a4 Kxg3 49. Nxh5+ Bxh5 50. b5 Be8 51. b4 Kf3 52. Kxd5 Ke3 53. Kc5 Bh5 54. a5 Be2 55. b6 Ke4 56. b5 Ke5 57. a6 1-0

[Event "ESP Ronda op"]
[Site "Spain"]
[Date "1998.??.??"]
[Round "?"]
[White "Catalan Escale, Enrique"]
[Black "Spassov, Liuben"]
[Result "1/2-1/2"]
[WhiteElo "2190"]
[BlackElo "2440"]
[PlyCount "120"]
[EventDate "1998.??.??"]
[EventType "swiss"]
[EventRounds "9"]
[EventCountry "ESP"]
[SourceTitle "EXT 2003"]
[Source "ChessBase"]
[SourceDate "2002.11.25"]
[SourceVersion "1"]
[SourceVersionDate "2002.11.25"]
[SourceQuality "1"]

1. e4 c5 2. c3 Nf6 3. e5 Nd5 4. d4 cxd4 5. Nf3 e6 6. cxd4 b6 7. a3 Qc7 8. Bd3 Ba6 9. Bxa6 Nxa6 10. 0-0 Be7 11. Bd2 Qb7 12. Nc3 Nac7 13. Qe2 0-0 14. Rac1 Nxc3 15. Rxc3 Nd5 16. Rc2 Rac8 17. Rfc1 Rxc2 18. Rxc2 f6 19. Qe4 f5 20. Qd3 h6 21. b4 b5 22. h4 a6 23. Kf1 Rc8 24. Rxc8+ Qxc8 25. Ke2 Qc6 26. h5 Nb6 27. Ne1 Qd5 28. Qg3 Qe4+ 29. Kf1 Kf8 30. Qg6 Qg4 31. Qxg4 fxg4 32. Nc2 Nc4 33. Bc1 Kf7 34. Ke2 g6 35. Bxh6 gxh5 36. g3 Kg6 37. Bc1 Kf5 38. Kd3 Nb6 39. Ne3+ Kg6 40. Ke4 Bg5 41. Bd2 Bxe3 42. Bxe3 Nd5 43. Bd2 Kf7 44. Kd3 Kg7 45. Be1 Nb6 46. Bd2 Nc4 47. Bc1 d5 48. exd6 Nxd6 49. Bf4 Nc4 50. Bc1 Kf6 51. Ke4 Nd6+ 52. Kf4 Nf7 53. Ke4 Nd6+ 54. Kf4 Nc4 55. Ke4 Nb6 56. Bd2 Nd5 57. Be1 Ke7 58. Bd2 Kf6 59. Be1 Ne7 60. Bc3 Nd5 1/2-1/2